000 00757nam a22002657a 4500
001 BR2012001810
003 BR-BrBNA
005 20230928103917.0
007 ta
008 230509b bl.||||| |||| 00| 0 por d
040 _aBR-BrBNA
_bpor
_cBiblioteca Nacional de Agricultura
041 _a(Por)
072 _aE40
090 _ E40 BR2012001810
100 1 _aZwick, E.
110 1 _aUniversidade Federal de Lavras, MG (Brasil)
_0Tese (Mestrado)
245 1 _aFundamentos teóricos de gestão de cooperativas
260 3 _aLavras, MG (Brasil):
_c2011.
300 _a160 p.
500 _aSummaries (Eng, Por); Several bibliography; 5 tables
650 _aCOOPERATIVA
650 _aGESTÃO
909 _a202309
_bLucia
_c55
_dLucia Elande
942 _cBK
999 _c77202
_d77202